Score 0/7 Timer 03:00
0 Plays Today
Measurement Ingredient % Correct
4.5 cLVodka
98%
9 cLTomato juice
97.9%
dashCelery Salt
80.6%
dashPepper
76.4%
dashTabasco
60%
1.5 cLLemon juice
47.6%
dashWorcestershire sauce
41.8%
Remove Ads.
Support Sporcle.
Get the best of Sporcle when you Go Orange. This ad-free experience offers more features, more stats, and more fun while also helping to support Sporcle. Thank you for becoming a member.

You're not logged in!

Compare scores with friends on all Sporcle quizzes.
OR
Log In

Show Comments

Extras

Top Quizzes Today


Score Distribution

Your Account Isn't Verified!

In order to create a playlist on Sporcle, you need to verify the email address you used during registration. Go to your Sporcle Settings to finish the process.

Report this User

Report this user for behavior that violates our Community Guidelines.

Details: